| 000 | 00893nam a2200253Ia 4500 | ||
|---|---|---|---|
| 008 | 160319s9999 xx 000 0 und d | ||
| 245 | _aOur time in hell : the Korean war / | ||
| 245 | _cDiscovery Channel. | ||
| 260 | _aUnited States of America : | ||
| 260 | _bDiscovery Communications, LLC, | ||
| 260 | _c2011 | ||
| 300 | _a1 DVD-video (approximately 53 min.) : | ||
| 300 | _bdigital, sound, color, with black and white sequences ; | ||
| 300 | _c4 3/4 in. | ||
| 500 | _a"Previous copyright date: ©1997"--Container. | ||
| 650 | _aKorean War, -- 1950-1953 -- | ||
| 650 | _aKorean War, -- 1950-1953 -- | ||
| 650 | _aKorean War, -- 1950-1953. | ||
| 650 | _xPersonal narratives, American. | ||
| 650 | _xPersonal narratives, Korean. | ||
| 700 | _aDiscovery Communications, Pte., Corporate. | ||
| 700 | _aKorean war., Title. | ||
| 700 | _aWheeler, Chris., added author. | ||
| 999 |
_c292452 _d292452 |
||